00486nam a2200133 a 4500008004100000050001500041110003600056245011500092260005100207300001500258500003200273650002300305650002400328120919s1996 ||||||||||||||||| || u aRJ 206 WHO aWorld Health Organization (WHO)10aBasic principles for the preparation of safe food for infants and young childrencby World Health Organization aGeneva:bWorld Health Organization (WHO)c1996 a10p.; ill. aOrange Trunk Library (WHO). aINFANTS--NUTRITION aCHILDREN--NUTRITION